The encyclopedia of birds. (Record no. 84841)
[ view plain ]
| 000 -LEADER | |
|---|---|
| fixed length control field | 01047cam a2200265 a 4500 |
| 001 - CONTROL NUMBER | |
| control field | 84841 |
| 003 - CONTROL NUMBER IDENTIFIER | |
| rucl marc code | BD-RjUL |
| 005 - DATE AND TIME OF LATEST TRANSACTION | |
| control field | 20250422095359.0 |
| 008 - FIXED-LENGTH DATA ELEMENTS--GENERAL INFORMATION | |
| fixed length control field | 060622m20079999nyuab e 000 0 eng |
| 020 ## - INTERNATIONAL STANDARD BOOK NUMBER | |
| International Standard Book Number | 9780816059041 (set) |
| International Standard Book Number | 0816059047 (set) |
| 035 ## - SYSTEM CONTROL NUMBER | |
| System control number | (OCoLC)ocm70220015 |
| 040 ## - CATALOGING SOURCE | |
| Original cataloging agency | DLC |
| Transcribing agency | DLC |
| Modifying agency | YDX |
| -- | BAKER |
| -- | BTCTA |
| -- | JAI |
| -- | YDXCP |
| -- | DLC |
| -- | BD-RjUL |
| Language of cataloging | eng |
| 041 ## - LANGUAGE CODE | |
| Language code of text/sound track or separate title | eng |
| 082 00 - DEWEY DECIMAL CLASSIFICATION NUMBER | |
| Classification number | 598.03 |
| Edition number | 22 |
| Author mark and year | ENC 2007 |
| 245 04 - TITLE STATEMENT | |
| Title | The encyclopedia of birds. |
| 260 ## - PUBLICATION, DISTRIBUTION, ETC. (IMPRINT) | |
| Place of publication, distribution, etc. | New York, NY : |
| Name of publisher, distributor, etc. | Facts on File, |
| Date of publication, distribution, etc. | c2007. |
| 300 ## - PHYSICAL DESCRIPTION | |
| Pagination | 6 v. : |
| Illustrations | col. ill., col. maps ; |
| Size | 28 cm. |
| 505 00 - FORMATTED CONTENTS NOTE | |
| Title | Vol.1 Adelie Penguin to Budgerigar -- |
| -- | Vol.2 Burrowing owl to Eurasian swift -- |
| -- | Vol.3 Eurasian woodcock to Hoopoe -- |
| -- | Vol.4 House sparrow to Peregrine falcon -- |
| -- | Vol.5 Pheasant coucal to southern giant petrel -- |
| -- | Vol.6 Southern ground hornbill to yellow-billed cuckoo. |
| 650 #0 - SUBJECT ADDED ENTRY--TOPICAL TERM | |
| Topical term or geographic name as entry element | Birds |
| Form subdivision | Encyclopedias. |
| 9 (RLIN) | 15296 |
| 700 ## - ADDED ENTRY--PERSONAL NAME | |
| Personal name | Likoff, Laurie E. |
| Relator term | Editorial Director |
| 942 ## - ADDED ENTRY ELEMENTS (KOHA) | |
| Source of classification or shelving scheme | Dewey Decimal Classification |
| Koha item type | Books |
| Lost status | Source of classification or shelving scheme | Damaged status | Not for loan | Permanent Location | Current Location | Shelving location | Date acquired | Source of acquisition | Cost, normal purchase price | Full call number | Date last seen | Copy number | Koha item type | Total Checkouts |
|---|---|---|---|---|---|---|---|---|---|---|---|---|---|---|
| Dewey Decimal Classification | Not For Loan | Central Library, University of Rajshahi | Central Library, University of Rajshahi | Reference | 14/03/2009 | Paragon Enterprize, Dhaka | 425.00 | R 598.03 ENC V-5 2007 | 22/04/2025 | C-1 | Books | |||
| Dewey Decimal Classification | Not For Loan | Central Library, University of Rajshahi | Central Library, University of Rajshahi | Reference | Paragon Enterprises Dhaka | 425.00 | R 598.03 ENC 2007 V-2 | 24/04/2025 | C-1 | Books | ||||
| Dewey Decimal Classification | Not For Loan | Central Library, University of Rajshahi | Central Library, University of Rajshahi | Reference | 14/03/2009 | Paragon Enterprises Dhaka | 425.00 | R 598.03 ENC 2007 V-6 | 24/04/2025 | C-1 | Books | |||
| Dewey Decimal Classification | Not For Loan | Central Library, University of Rajshahi | Central Library, University of Rajshahi | Reference | 14/03/2009 | Paragon Enterprises Dhaka | 425.00 | R 598.03 ENC 2007 V-3 | 24/04/2025 | C-1 | Books | |||
| Dewey Decimal Classification | Not For Loan | Central Library, University of Rajshahi | Central Library, University of Rajshahi | Reference | 14/03/2009 | Paragon Enterprises Dhaka | 425.00 | R 598.03 ENC 2007 V-4 | 24/04/2025 | C-1 | Books | |||
| Dewey Decimal Classification | Not For Loan | Central Library, University of Rajshahi | Central Library, University of Rajshahi | Reference | 14/03/2009 | Paragon Enterprises Dhaka | 425.00 | R 598.03 ENC 2007 V-1 | 24/04/2025 | C-1 | Books |